01101cam a22002894a 45000010009000000050017000090080041000260100017000670200015000840200021000990200038001200350022001580400013001800420008001930500015002010820020002161000028002362450111002642500012003752600041003873000028004285000083004565000020005395380156005596500052007157400044007671269414420210414114018.0020306s2003 maua 001 0 eng  a 2002103318 a0072468564 a0072537469 (DVD) a0072537442 (handbook/study guide) a(DLC) 2002103318 aDLCcDLC apcc00aHF5694.S5700a650/.01/5132211 aSlater, Jeffrey,d1947-10aBusiness math handbook and study guide to accompany practical business math procedures. /cJeffrey Slater. a7th ed. aBoston :bMcGraw-Hill Irwin,cc2003. a107p :bill. ;c30 cm.  aAccompanied by: Business math handbook and study guide. 107 p. : ill. ; 28 cm. aIncludes index. aSystem requirements for accompanying computer disc: Multimedia PC with Pentium 200 MHz; Microsoft Windows 98, Windows 2000 Professional, or Windows XP. 0aBusiness mathematicsvProblems, exercises, etc.02aBusiness math handbook and study guide.